| 000 | 00591nam a2200205 i 4500 | ||
|---|---|---|---|
| 001 | 21725 | ||
| 003 | ES-MaACL | ||
| 005 | 20231220204003.0 | ||
| 007 | t| | ||
| 008 | 021127s1945 sp ||||1| spa d | ||
| 100 | 1 |
_aAleixandre, Vicente, _d1898-1984 _919688 |
|
| 245 | 1 | 3 |
_aLa destrucción o el amor / _cVicente Aleixandre. |
| 250 | _a2ª ed. | ||
| 260 |
_aMadrid : _bAlhambra, _c1945 ( _fImp. Graphia) |
||
| 300 |
_a188 p. ; _c21 cm. |
||
| 490 | 1 |
_aPoesía y vida ; _v1 |
|
| 830 | 0 |
_aPoesía y vida ; _v1 _9227226 |
|
| 852 |
_aES-MaACL _jF-16311 _bR.21390 |
||
| 999 |
_c21725 _d21725 |
||